| 000 | 01235nam0a22002651 4500 | ||
|---|---|---|---|
| 001 | rc\1184965 | ||
| 005 | 20041129085942.4 | ||
| 035 | _a(NLR Aleph) 006426673 | ||
| 090 |
_a5505530 _c5505531 |
||
| 100 | _a20041129d1980 u |0rusy50 ca | ||
| 101 | 0 | _arus | |
| 102 | _aRU | ||
| 105 | _aa ||||||||| | ||
| 200 | 1 |
_aПути повышения эффективности использования зерна пшеницы различного качества _f[А.И. Моисеева. к. т. н., Т.Н. Прийма, З.И. Шашурина, А.И. Решетняк] |
|
| 210 |
_aМ. _cЦНИИТЭИ _d1980 |
||
| 215 |
_a[1], 29 с. _cил. _d21 |
||
| 225 | 1 |
_aОбзорная информация _fМ-во заготовок СССР. ЦНИИинформ. и техн.-экон. исслед. _iЭлеваторная промышленность |
|
| 320 | _aБиблиогр.: с. 27-28 | ||
| 701 | 1 |
_aМоисеева _bА. И. _gАлла Ивановна |
|
| 712 | 0 | 2 |
_aЦНИИ информации и техн.-экон. исследований М-ва заготовок СССР _3RU\NLR\AUTH\8810025844 |
| 801 | 0 |
_aRU _bNLR _gpsbo |
|
| 801 | 1 |
_aRU _bELAR _2rusmarc |
|
| 852 |
_aNLR _j81-6/2160 |
||
| 942 | _cBOOK | ||
| 980 | _aNB | ||